Δημοκρατία, Πανεπιστήμιο, ανάπτυξη
Αποθηκεύτηκε σε:
| Κύριος συγγραφέας: | |
|---|---|
| Άλλοι συγγραφείς: | , |
| Μορφή: | Βιβλίο |
| Γλώσσα: | Greek French |
| Δημοσίευση: |
Αθήναι :
Μήνυμα,
1974.
|
| Θέματα: | |
| Ετικέτες: |
Προσθήκη ετικέτας
Δεν υπάρχουν, Καταχωρήστε ετικέτα πρώτοι!
|
MARC
| LEADER | 00000cam a2200000 a 4500 | ||
|---|---|---|---|
| 001 | 1/119789 | ||
| 008 | 190807s1974####gr | ||| |||| ||gre|| | ||
| 040 | |a GR-MyUa |b gre |c GR-MyUa |e AACR2 | ||
| 041 | 1 | |a gre |h fre | |
| 082 | 7 | |a 261.8 |2 (23) | |
| 100 | 1 | |a Camara, Helder, |d 1909-1999. | |
| 245 | 1 | 0 | |a Δημοκρατία, Πανεπιστήμιο, ανάπτυξη / |c Ντομ Χέλντερ Καμάρα ; μετάφραση: Ε. Ορεινού. |
| 260 | |a Αθήναι : |b Μήνυμα, |c 1974. | ||
| 300 | |a 177 σ. ; |c 21 εκ. | ||
| 500 | |a Τίτλος πρωτοτύπου: Pour arriver a temps | ||
| 504 | |a Περιλαμβάνει βιβλιογραφικές παραπομπές. | ||
| 650 | 0 | |a Universities and colleges |x Social aspects. | |
| 650 | 0 | |a Civilization, Modern |y 20th century. | |
| 650 | 0 | |a Regression theory. | |
| 650 | 0 | |a Democracy and education. | |
| 700 | 1 | |a Ψαρουδάκης, Νίκος Στ., |d 1917-2006, |e aui | |
| 700 | 1 | |a Ορεινός, Ε. |e trl | |
| 852 | |a INST |b RHODES |c AKA |e 20190807 |h 261.8 CAM |p 005400041061 |q 005400041061 |t BK |y 0 | ||
| 970 | |z 07-08-2019 | ||